|
|
|
|
| LEADER |
00000cam a2200000 i 4500 |
| 001 |
1/36418 |
| 008 |
030606s2002 gr | ||| |||| ||gre|| |
| 020 |
|
|
|a 9608249279
|
| 035 |
|
|
|l 10070059
|
| 040 |
|
|
|a GR-MyUA
|b gre
|e AACR2
|
| 041 |
0 |
|
|a gre
|
| 082 |
0 |
|
|a 332
|
| 100 |
1 |
|
|a Καραθανάσης, Γεώργιος Α.
|
| 245 |
1 |
0 |
|a Χρηματοοικονομικά θέματα :
|b εφαρμογές και μελέτες περιπτώσεων - αριθμητικά παραδείγματα και απαντήσεις /
|c Γεωργίου Α. Καραθανάση.
|
| 260 |
|
|
|a Αθήνα :
|b Μπένου,
|c 2002.
|
| 300 |
|
|
|a 291 σ. ;
|c 24 εκ.
|
| 504 |
|
|
|a Περιέχει βιβλιογραφικές αναφορές.
|
| 650 |
0 |
0 |
|a Finance.
|
| 650 |
0 |
0 |
|a Money.
|
| 650 |
0 |
0 |
|a Investments.
|
| 650 |
0 |
0 |
|a Capital.
|
| 852 |
|
|
|a INST
|b SAMOS
|e 20030606
|h 332 ΚΑΡ
|p 005300024113
|q 005300024113
|t BK
|y 0
|
| 852 |
|
|
|a INST
|b SAMOS
|e 20030606
|h 332 ΚΑΡ
|p 005300024114
|q 005300024114
|t BK
|y 0
|
| 852 |
|
|
|a INST
|b SAMOS
|e 20030606
|h 332 ΚΑΡ
|p 005300024115
|q 005300024115
|t BK
|y 0
|
| 852 |
|
|
|a INST
|b SAMOS
|e 20030606
|h 332 ΚΑΡ
|p 005300024116
|q 005300024116
|t BK
|y 23
|
| 852 |
|
|
|a INST
|b SAMOS
|e 20030606
|h 332 ΚΑΡ
|p 005300024117
|q 005300024117
|t BK
|y 0
|
| 901 |
|
|
|a BIBL3-2003-2
|
| 909 |
|
|
|a Σ
|b 087887
|
| 909 |
|
|
|a Σ
|b 087885
|
| 909 |
|
|
|a Σ
|b 087884
|
| 909 |
|
|
|a Σ
|b 087888
|
| 909 |
|
|
|a Σ
|b 087886
|
| 970 |
|
|
|a ΠΟΥΡΝΑΡΑΣ
|b ΔΗΜΗΤΡΗΣ
|z 2003/06/06
|